Statistics for Capitals of Countries that Border the Mediterranean

Click here to take the quiz!

General Stats

  • This quiz has been taken 30 times
  • The average score is 18 of 21

Answers on the Map

Answers color-coded by a green-red scale on the quiz's map according to % correct below.
 

Answer Stats

Land% Correct
Paris
100%
Rome
100%
Athens
96%
Ankara
93%
Madrid
93%
Cairo
89%
Jerusalem
89%
Tunis
89%
Beirut
86%
Rabat
86%
Tirana
86%
Zagreb
86%
Algiers
82%
Sarajevo
82%
Tripoli
79%
Damascus
75%
Ljubljana
75%
Nicosia
75%
Valletta
75%
Podgorica
71%
Monaco
64%

Score Distribution

Percentile by Number Answered

Percent of People with Each Score

Your Score History

You have not taken this quiz